El Capitalismo ecológico y el plan Puebla-Panamá: la transformación de los recursos naturales en Mesoamérica /

Na minha lista:
Detalhes bibliográficos
Autor principal: Harvey, Neil
Formato: Texto
Tags: Adicionar Tag
Sem tags, seja o primeiro a adicionar uma tag!

MARC

LEADER 00000 a a2200000 04500
001 3573
003
040
100 |a Harvey, Neil  
245 |a El Capitalismo ecológico y el plan Puebla-Panamá:   |b la transformación de los recursos naturales en Mesoamérica /  |c Neil Harvey 
500 |a Resumen en español páginas 279 y en inglés páginas 366  
773 |g volumen 54, número 4; páginas 319-327  
999 |c 38931  |d 38931